000 01987nam0a2200373 4500
001 RU\NLR\bibl\1194418
005 20250615100220.0
010 _a978-5-9270-0121-7
_9800
021 _aRU
_b2007-95188
_95141
035 _a(NLR Aleph) 001180947
090 _a1656973
_c1656973
100 _a20080229d2007 |||y0rusy50 ca
101 0 _arus
102 _aRU
105 _aa |||||||||
200 1 _aУчение об иллюзиях полета
_eосновы авиационной делиалогии
_fП.А. Коваленко, В.А. Пономаренко, А.В. Чунтул
_gРос. акад. наук, Ин-т психологии
210 _aМосква
_cИнститут психологии РАН
_d2007
215 _a458, [2] с.
_cил., портр.
_d22
300 _aВ конце кн. авт.: Коваленко П.А. - к.психол.н., Пономаренко В.А. - акад. РАО, лауреат премии Совета Министров СССР, лауреат премии правительства РФ, засл. деят. науки, д.м.н., проф., ген.-майор мед. службы, Чунтул А.В. - д.м.н., полк. мед. службы
320 _aБиблиогр.: с. 447-459 (185 назв.)
606 1 _aАвиационная психология
_91081343
_3RU\NLR\auth\66103868
606 1 _aИллюзии
_91258206
_3RU\NLR\auth\66516170
686 _aЮ941.3
686 _aЮ935.113-225
700 1 _aКоваленко
_bП. А.
_gПавел Александрович
_4070
701 1 _4070
_aПономаренко
_bВ. А.
_cд-р мед. наук
_f1933-
_gВладимир Александрович
_9143803
_3RU\NLR\AUTH\770143839
701 1 _aЧунтул
_bА. В.
_gАлександр Васильевич
_4070
801 0 _aRU
_bNLR
_c20080229
_gRCR
801 1 _aRU
_bNLR
_c20080229
830 _aАвт. по кн.
942 _cBOOK
980 _aNB